| 000 | 00965nam a22002297a 4500 | ||
|---|---|---|---|
| 003 | OSt | ||
| 005 | 20250904145822.0 | ||
| 008 | 240422b ||||| |||| 00| 0 eng d | ||
| 040 | _c0 | ||
| 082 | _aDPer 621.317 Ie21 November 2022 v. 37 n. 11 | ||
| 100 |
_aYu, Kailiang. _eauthor. _956459 |
||
| 245 |
_aPosition sensorless control of IPMSM using adjustable frequency setting square-wave voltage injection / _cKailiang Yu and Zheng Wang. |
||
| 260 |
_aNew York ; _bThe Institute of Electrical and Electronics Engineers, Inc. , _cNovember 2022. |
||
| 300 |
_aVolume 37, pages 12973-12979 : _billustration ; _c28 cm. |
||
| 500 | _aIEEE Transactions on Power Electronics, vol. 37, no. 11, pages 12973-12979, November 2022. | ||
| 650 | 0 |
_aVoltage margin. _967139 |
|
| 650 | 0 |
_aSensorless control. _966253 |
|
| 650 | 0 |
_aSquare-wave voltage injection. _967140 |
|
| 700 |
_aYu, Kailiang. _eauthor. _956459 |
||
| 700 |
_aWang, Zheng. _eauthor. _956460 |
||
| 942 |
_2ddc _cPER |
||
| 999 |
_c20114 _d20114 |
||